Jeden z Dziesięciu 6 - Statystyki

Ogólne statystyki
  • Ten quiz został rozwiązany 30 razy
  • Średni wynik to 26 z 40
Statystyki odpowiedzi
Zagadnienie Odpowiedź % Poprawnych
Jak mówimy o kim, kto nie jest wojskowym? Cywil
100%
Słowa "Jeśli nie mają chleba, niech jedzą ciastka" przypisywane są Marii Antoninie, czy Katarzynie Wielkiej? Marii Antoninie
100%
Jak w mitologii greckiej miała na imię żona Odyseusza? Penelopa
100%
Spośród czternastu ośmiotysięczników, dziesięć leży w Himalajach. A w którym paśmie górskim leżą pozostałe cztery? W Karakorum
100%
Jak nazywa się osoba, która zajmuje się zawodowo przyrządzaniem różnych rodzajów kawy? Barista
90%
Jak nazywał się zachrypnięty wokalista i trębacz, autor wspomnień "Moje życie w Nowym Orleanie"? Louis Armstrong
90%
W którym wieku rozgrywa się akcji powieści "Kamienie na Szaniec" Aleksandra Kamińskiego? W XX w.
90%
Jak nazywała się jedna z żon Mahometa, zwana "matką wiernych", córka Abubakra? Aisza
80%
Czy chromosom jest składnikiem genu, czy odwrotnie? Gen jest składnikiem chromosomu
80%
Lądownik "Phoenix" badał powierzchnię której planety Układu Słonecznego? Marsa
80%
Kto był carem Rosji w momencie wybuchu I Wojny Światowej? Mikołaj II
80%
Spośród dwóch miast o nazwie "Jarosław" jedno znajduje się w Rosji, drugie w Polsce. W którym województwie leży ten polski Jarosław? Podkarpackiem
80%
Co oznacza łacińska sentencja "Audaces fortunata iuvat"? Szczęście sprzyja odważnym
80%
Jak nazywa się hełm w kształcie stożka, zakończony ostrym szpicem, używany min. przez polską husarię? Szyszak
80%
Tony Award to nagroda kulturalna w Stanach Zjednoczonych przyznawana twórcom filmowym czy teatralnym? Teatralnym
80%
Który dział matematyki zajmuje się badaniem związków między bokami i kątami w trójkącie? Trygonometria
80%
"Bary-" to pierwszy człon wyrazów złożonych, których nazwa związana jest z prędkością, ciężarem czy barwą? Ciężarem
70%
U podnóża którego kopca w Krakowie ma główną siedzibę jedna z niepublicznych polskich stacji radiowych? Kopca Kościuszki
70%
Przez jaką liczbę trzeba podzielić 7 aby otrzymać 49? Przez 1/7
70%
W centrum której europejskiej stolicy, od ponad 600 lat, czas wskazuje zegar astronomiczny Orloj? W Pradze
70%
W której dyscyplinie sportu sukcesy odnosi Magda Linette? W tenisie ziemnym
70%
Z którym regionem Polski związany był nauczyciel, etnograf i poeta Józef Lompa? Ze Śląskiem
70%
Jak brzmi tradycyjna nazwa tronu japońskiego, na którym zasiada cesarz Naruhito? Chryzantemowy Tron
60%
Rozbratel to mięso czy ciasto? Mięso
60%
Hanna, Jadwiga, Stefan i Zbigniew to postacie z której opery Stanisława Moniuszki? Straszny Dwór
60%
Na którym kontynencie żyją Hopi, Indianie z grupy Pueblo. Ameryka Północna
50%
"Alotropia" to występowanie tego samego pierwiastka w co najmniej ilu odmianach? Dwóch
50%
"Dziwna Wojna" to potoczne określenie początku której wojny światowej na zachodzie Europy? II Wojny Światowej
50%
Czy rok 1900 był rokiem przestępnym? Nie
50%
W którym muzeum możemy obejrzeć obraz "Narodziny Wenus" Sandra Boticellego? W Galerii Uffizi we Florencji
50%
W którym wieku austriaccy artyści założyli stowarzyszenie "Secesja Wiedeńska"? XIX w.
50%
Jak nazywa się gwiazdozbiór w którym są gwiazdy Kastor i Polluks? Bliżnięta
40%
Ile rogów ma nosorożec indyjski? Jeden
40%
Jak brzmi imię i nazwisko polskiej hrabiny, pianistki, protektorki ludzi sztuki i literatury w której nieszczęśliwie zakochał się Cyprian Kamil Norwid? Maria Kalergis
40%
Przedstawicielem którego organu władzy wykonawczej jest wojewoda? Rady Ministrów
40%
Kto był ojcem Heleny Trojańskiej? Zeus
40%
Którego kompozytora nazywa się "Chopinem północy"? Edvarda Griega
30%
Czego jest żal Maryli Rodowicz w piosence "Dziś prawdziwych Cyganów już nie ma"? Koni
30%
Nad którą rzeką leży Wiślica, jeden z dawnych grodów piastowskich Nad Nidą
30%
Gdzie znajdziemy nakastlik? W sypialni
30%
Nie znaleziono quizów pasujących do podanych kryteriów
Rozkład punktacji
Procent ludzi z każdym wynikiem
Percentyl według liczby udzielonych odpowiedzi
Twoja historia wyników
Nie rozwiązałeś tego quizu